[Event "Skilling Open CCT KO 2021"]
[Site "Online"]
[Date "2020.11.25"]
[Round "1.1"]
[White "Carlsen, Magnus"]
[Black "Giri, Anish"]
[Result "1/2-1/2"]
[WhiteElo "2881"]
[BlackElo "2731"]
[Annotator "TA"]
[PlyCount "100"]
[EventDate "2020.11.20"]
[EventType "k.o."]
[EventCountry "NET"]
[SourceTitle "playchess.com"]
[Source "ChessBase"]
[SourceQuality "1"]

{[%evp 9,100,13,14,13,0,0,0,-47,-58,-49,-41,-56,-48,-75,0,0,95,0,0,0,32,-42,-36,-23,-28,-65,-55,-42,0,0,0,0,0,-120,-120,-116,-116,-114,-118,-115,-105,-120,-74,-430,-422,-364,-61,-48,-57,-64,-10,-11,-18,-18,-12,-22,-15,-18,-12,-13,-9,-23,-25,-25,-18,-29,-16,-25,-20,-20,-20,-20,-8,-8,-8,-8,-8,-8,-8,-8,-8,-13,-13,-13,0,-13,-13,-20,0,-27,0,-49,0]} 1. d4 Nf6 2. c4 e6 3. Nf3 d5 4. Nc3 Bb4 5. cxd5 exd5 6. Bf4 {D38: Queen's Gambit Declined: Ragozin Defence (4 Nf3 Bb4).} Ne4 7. Rc1 Nc6 8. e3 {The position is equal.} (8. Nd2 g5 9. Be3 Nxc3 10. bxc3 Ba3 11. Rb1 f5 12. g3 Bd6 13. Rg1 O-O 14. h4 f4 15. gxf4 g4 16. Rb5 Ne7 17. f5 h5 {0-1 (33) Carlsen,M (2863)-Giri,A (2764) chess24.com INT 2020}) 8... g5 9. Bg3 h5 {Threatens to win with ...h4.} 10. h4 Nxg3 11. fxg3 {[#]} gxh4 $146 (11... g4 $1 $17 {[%cal Rg4f3]} 12. Ng1 Bd6) ({Predecessor:} 11... g4 12. Nd2 Bd6 13. Ne2 Ne7 14. Nf4 c6 15. Bd3 Bf5 16. Qc2 Qd7 17. O-O Bxd3 18. Qxd3 {1-0 (36) Martirosyan,H (2613)-Ganguly,S (2636) chess.com INT 2020}) 12. Bb5 $11 Qd6 {[#]} (12... hxg3 $11 {keeps the balance.} 13. Ne5 Bd7 14. Rxh5 Qf6 15. Rxh8+ Qxh8 16. Nxd7 Qh1+ 17. Bf1 Kxd7) 13. gxh4 (13. O-O $1 $16) 13... Qg3+ 14. Kf1 Rg8 (14... Bxc3 $5 15. Rxc3 Bd7 $11) 15. Rg1 (15. Qe2 $14 a6 16. Bxc6+ bxc6 17. Ne5) 15... Bxc3 $15 16. Rxc3 Bd7 17. Rc5 a6 $36 {[%mdl 2048] Black is more active.} 18. Ba4 Qd6 19. Bxc6 Bxc6 20. Ne5 $1 Bb5+ 21. Ke1 (21. Kf2 $1 $11) 21... O-O-O $17 22. Kd2 Rde8 23. Qxh5 f6 24. Nf3 Qg3 {Strongly threatening ...Qf2+.} 25. Qf5+ {[%mdl 64] Double Attack} (25. Qxd5 Qf2+ 26. Kd1 Be2+ 27. Kc1 Qxe3+ 28. Kc2 Bxf3 $19) 25... Kb8 26. Qf4 $2 {[%mdl 8192] [#]} (26. Rc2 $17) 26... Qf2+ $1 $19 27. Kc1 Qxe3+ $2 ({Black should try} 27... Be2 $19 {aiming for ...Bxf3.} 28. Rxc7 (28. Qxc7+ $2 Ka7 $19) 28... Ka8) 28. Qxe3 $15 Rxe3 29. Re1 Rxe1+ (29... Re4 $15 30. Rc2 Rh8) 30. Nxe1 {[%mdl 4096] Endgame KRB-KRN} Rg4 31. Rxd5 Rxh4 32. Rf5 Rxd4 33. Rxf6 Rg4 34. Rf2 Bc6 35. Nf3 Bd5 36. a3 b5 37. Kd2 Kb7 38. Ne5 Rxg2 39. Rxg2 Bxg2 $11 {KB-KN} 40. b4 {[#]} a5 $1 {[%mdl 512]} 41. Kc3 (41. bxa5 Ka6) 41... axb4+ 42. axb4 Kb6 43. Kd4 Bh3 44. Nd3 Kc6 45. Ke5 Bg4 46. Nc5 $1 Bh3 47. Nb3 Kb6 48. Nc5 Kc6 49. Nb3 Kb6 50. Nc5 Kc6 {Weighted Error Value: White=0.21/Black=0.24} 1/2-1/2

[Event "Skilling Open CCT KO 2021"]
[Site "Online"]
[Date "2020.11.25"]
[Round "1.1"]
[White "Vachier-Lagrave, Maxime"]
[Black "Nakamura, Hikaru"]
[Result "1-0"]
[WhiteElo "2860"]
[BlackElo "2829"]
[Annotator "TA"]
[PlyCount "103"]
[EventDate "2020.11.20"]
[EventType "k.o."]
[EventCountry "NET"]
[SourceTitle "playchess.com"]
[Source "ChessBase"]
[SourceQuality "1"]

{[%evp 18,103,14,27,31,17,18,12,12,15,14,15,6,0,0,0,0,-2,-17,-14,-11,-14,-14,0,0,0,0,0,0,0,0,0,0,-22,-27,-18,144,-9,0,0,58,54,181,210,187,199,182,179,381,381,370,154,212,212,228,168,168,168,168,168,167,136,136,130,146,146,206,206,390,390,375,375,368,359,344,311,304,293,289,170,271,209,659,389,4690,1539,595,595]} 1. e4 e5 2. Nf3 Nc6 3. Bb5 Nf6 4. O-O Nxe4 5. d4 Nd6 6. Bxc6 dxc6 7. dxe5 Nf5 8. Qxd8+ Kxd8 9. h3 Ke8 10. Nc3 h5 {C67: Ruy Lopez: Berlin Defence: 4 0-0 Nxe4.} 11. Bf4 Be7 12. Rad1 Be6 {The position is equal.} 13. Ng5 Rh6 14. Rfe1 Bb4 15. a3 $1 {[%mdl 4] now scores much better than the old 15.g4.} Bxc3 16. bxc3 h4 17. g4 hxg3 $1 18. fxg3 Ne7 19. h4 Nd5 20. Bc1 Nxc3 21. Rd3 Na4 22. Rf3 $1 Bd5 23. Rf4 Nb6 $1 24. Ref1 {[%cal Rg5f7]} Rg6 25. Rf5 Bc4 26. Re1 {[#]} Be6 $146 (26... Rd8 $11) ({Predecessor:} 26... Ke7 27. h5 Rh6 28. g4 Rhh8 29. a4 Nxa4 30. Ba3+ c5 31. e6 f6 32. Bxc5+ Nxc5 33. Rxc5 fxg5 34. Rxc7+ {½-½ (53) Vachier Lagrave,M (2767)-Grischuk,A (2777) Ekaterinburg 2020}) 27. Rf2 $2 (27. Nxe6 $16 fxe6 28. Rf3) 27... Rd8 28. h5 $1 {[%cal Rh5g6] [#]} Rh6 {[#]} (28... Rxg5 $1 $11 {[%mdl 512]} 29. Bxg5 Rd5) 29. Nxf7 $1 $14 {[%mdl 512]} Bxf7 {This costs Black the game.} (29... Rxh5 $14 30. Nxd8 Kxd8) 30. Bxh6 $18 gxh6 31. e6 $1 {[%cal Re6f7]} Bxh5 {[#] Hoping for ...Ke7.} 32. g4 $1 {[%mdl 512] aiming for e7.} Bxg4 $2 (32... Rd5 {was worth a try.}) 33. e7 {Intending Rf8+ and mate.} Nd7 {[#] Strongly threatening ...Ra8.} 34. exd8=Q+ ({Weaker is} 34. exd8=R+ Kxd8 35. Rf7 h5 $18) (34. Rf7 $142 $3 {[%mdl 512]} Rc8 (34... Kxf7 35. exd8=Q) 35. Rg7) 34... Kxd8 35. Rf7 h5 36. Rg7 {Rg8+ is the strong threat.} Nc5 37. Re5 b6 38. Kf2 a5 39. Rxc5 bxc5 {[%mdl 4096] Endgame KR-KB} 40. Rg5 Kc8 41. Rxc5 Kb7 (41... h4 $16 {keeps fighting.} 42. Rxa5 h3) 42. Rxa5 Kb6 $2 (42... h4 43. Ra4 Bf5 44. Rxh4 Bxc2 45. Rb4+ Ka8) 43. Rg5 Bd1 {[#]} 44. c3 $1 c5 45. Ke1 Bf3 46. Kd2 Kb5 47. Rg7 c6 48. Kc1 (48. Kd3 $142) 48... c4 (48... Ka4 {was necessary.} 49. Ra7+ Kb3) 49. Rg5+ c5 $2 (49... Kb6 50. Kd2 h4) 50. Kd2 h4 $2 (50... Kc6 51. a4 Kb6 52. a5+ Kb5) 51. Ke3 Bd1 52. Rg1 {Weighted Error Value: White=0.19/Black=0.38} 1-0

[Event "Skilling Open CCT KO 2021"]
[Site "Online"]
[Date "2020.11.25"]
[Round "1.1"]
[White "Nakamura, Hikaru"]
[Black "Vachier-Lagrave, Maxime"]
[Result "1/2-1/2"]
[WhiteElo "2829"]
[BlackElo "2860"]
[Annotator "TA"]
[PlyCount "113"]
[EventDate "2020.11.20"]
[EventType "k.o."]
[EventCountry "NET"]
[SourceTitle "playchess.com"]
[Source "ChessBase"]
[SourceQuality "1"]

{[%evp 16,113,39,41,58,51,133,118,102,112,144,94,85,85,123,93,93,94,142,139,140,141,154,96,136,134,134,135,141,141,193,200,179,115,118,104,104,104,103,87,110,110,147,53,45,0,0,0,0,0,0,0,0,0,0,0,0,0,0,0,0,-8,-8,-8,8,8,8,8,8,8,8,8,8,8,8,8,8,8,8,8,8,8,8,8,8,8,8,8,8,-8,-8,-8,-8,-8,-8,-8,-8,-8,-8,-8]} 1. d4 Nf6 2. c4 g6 3. Nc3 d5 4. Bf4 Bg7 5. e3 dxc4 6. Bxc4 O-O 7. Rc1 Nbd7 8. Nf3 c5 9. O-O cxd4 {D93: Grünfeld: 4 Nf3 Bg7 5 Bf4 0-0 6 e3.} 10. Nb5 {[#]} (10. Nxd4 $2 e5 $19) 10... Nh5 $146 (10... Ne8 $14) ({Predecessor:} 10... Ne8 11. Nbxd4 Nd6 12. Bxd6 exd6 13. Qc2 Nb6 14. Be2 Bd7 15. h3 a6 16. Qb3 Re8 17. Qb4 {½-½ (49) Keller,G-Bergmann,S DESC email 2011}) 11. Bc7 $16 (11. Nbxd4 $6 Nxf4 12. exf4 Nb6 $11) 11... Qe8 {White is better.} 12. exd4 Bh6 13. Re1 Bxc1 14. Nd6 exd6 15. Rxe8 Rxe8 16. Qxc1 Nb6 17. Bxb6 ({But not} 17. Bxd6 $6 Nxc4 18. Qxc4 Be6 $11) 17... axb6 18. Ng5 $1 Re7 19. h3 ({White should play} 19. Nxf7 $1 b5 20. Nh6+ {[%mdl 64] Discovered Attack (Double check)} Kg7 21. Bxb5) 19... Be6 20. Nxe6 fxe6 21. Qg5 Kf7 22. g4 $1 {[%cal Rg4h5][%mdl 1024] White has strong compensation.} d5 {[#]} (22... Rg8 $16 23. Bb3 (23. gxh5 $2 gxh5 24. Qxg8+ Kxg8 $19) 23... d5) 23. Bd3 $1 $18 ({Don't take} 23. gxh5 $6 dxc4 24. d5 Rf8 $16) 23... Nf6 {[#]} 24. Qf4 ({White should try} 24. Qh6 $1 $18) 24... Kg7 $16 25. Qe5 {Threatens to win with g5.} Kf7 26. a3 Rc8 27. Kg2 Rd8 28. a4 Ne4 29. f3 (29. h4 $16) 29... Nd6 $1 $14 30. h4 Ke8 $1 {The position is equal.} 31. Qe1 Kd7 32. Qb4 Kc7 33. a5 bxa5 34. Qxa5+ Kc8 35. Kg3 Rf7 36. Be2 h5 37. Bd3 Rdf8 38. Qc3+ (38. Qc5+ {feels hotter.} Kd7 39. Bb5+ Nxb5 40. Qxb5+ Kc8 41. Qc5+) 38... Kd7 39. Bxg6 {[%mdl 64] Double Attack} Rxf3+ 40. Qxf3 Rxf3+ 41. Kxf3 hxg4+ 42. Kxg4 $11 {[%mdl 4096] Endgame KB-KN} Nb5 43. h5 Ke7 44. Kg5 {Strongly threatening h6.} Nxd4 45. h6 {And now h7 would win.} Nf3+ 46. Kf4 {aiming for h7.} Nh4 47. Bd3 {h7 is the strong threat.} Kf6 48. h7 Kg7 49. Ke5 Nf3+ 50. Kxe6 Ne1 51. Bf5 d4 $132 {[%mdl 2048] Black has counterplay} 52. Kd6 d3 53. Bxd3 Nxd3 54. Kc7 b5 {[#]} 55. b4 $1 {[%mdl 512]} Nxb4 {( -> ...Nc2)} 56. Kb6 Kxh7 57. Kxb5 {Black escapes into a draw.  Weighted Error Value: White=0.08/Black=0.07} 1/2-1/2

[Event "Skilling Open CCT KO 2021"]
[Site "Online"]
[Date "2020.11.25"]
[Round "1.1"]
[White "Aronian, Levon"]
[Black "Nepomniachtchi, Ian"]
[Result "1-0"]
[WhiteElo "2778"]
[BlackElo "2778"]
[Annotator "TA"]
[PlyCount "171"]
[EventDate "2020.11.20"]
[EventType "k.o."]
[EventCountry "NET"]
[SourceTitle "playchess.com"]
[Source "ChessBase"]
[SourceQuality "1"]

{[%evp 9,171,0,0,0,0,-7,-8,-24,-44,-33,-8,0,-6,-11,19,9,39,23,45,13,13,10,17,28,22,0,0,0,0,0,13,9,8,1,9,0,8,0,9,9,51,52,54,63,49,60,58,72,54,53,54,43,35,33,26,16,27,27,30,2,4,0,68,68,68,67,67,67,67,68,73,0,76,0,12,12,12,28,1091,1006,1006,933,867,851,673,660,29944,29946,29945,29948,29948,29948,29949,29949,29952,29953,29953,29954,29954,29956,29956,29955,29954,29956,29952,29951,29952,29954,29956,29958,29956,29957,29957,29960,29959,29961,29962,29959,29963,29962,29963,29962,29964,29962,29964,29957,29964,29959,29956,29961,29959,29958,29958,29962,29961,29963,29966,29966,29966,29962,29963,29950,7600,679,29970,29969,29969,29968,29968,29968,29971,29962,29961,29960,29965,8508,5803,1948,29972,29973,29963,12358,29980,29980]} 1. d4 Nf6 2. Nf3 g6 3. Nc3 d5 4. Bf4 Bg7 5. e3 O-O 6. Nb5 {D00: 1 d4 d5: Unusual lines.} Na6 {[%cal Bb8a6,Ba6c7,Bc7e8][%mdl 32]} 7. h3 Ne4 8. c3 {The position is equal.} c6 9. Na3 Nc7 10. Be2 Ne8 11. O-O N8d6 12. c4 dxc4 (12... f6 {is interesting.} 13. Bh2 Bf5 14. Qb3 Qb6 15. Qxb6 axb6 16. cxd5 cxd5 17. Nc2 Be6) 13. Nxc4 Be6 14. Rc1 (14. b3 {seems wilder.} Nc3 15. Qc2 Nxe2+ 16. Qxe2 Bd5 17. Rfd1) 14... Nxc4 15. Bxc4 Bxc4 16. Rxc4 Qd5 {[#]} 17. Qe2 $146 (17. Qc2 {is more complex.} Nd6 18. Ra4 a5 19. Nd2 Rfd8 20. Rc1) ({Predecessor:} 17. b3 Rac8 18. Qc1 b5 19. Rc2 b4 20. Rc4 Nc3 21. Qc2 c5 22. dxc5 Rxc5 23. Rxb4 {0-1 (43) Kojovic,D (2384)-Sarenac,I (2388) Valjevo 2018}) 17... Nd6 18. Bxd6 exd6 19. b4 Rfe8 20. a4 a5 21. bxa5 Rxa5 22. Rb1 c5 23. Qc2 Qc6 24. Qb3 Rea8 {[%cal Ra5a4]} 25. dxc5 Rxc5 26. Rf4 Rc1+ 27. Rxc1 Qxc1+ 28. Kh2 Qc7 29. g3 h6 30. h4 Ra5 31. Rb4 Qc3 32. Qb1 Rf5 {White must now prevent ...Qc6.} 33. Kg2 Qc6 34. e4 Ra5 $1 35. Rb6 Qc4 ({Black should try} 35... Qxa4 $11 36. Rxd6 Qb5 37. Rd8+ Kh7 38. Qxb5 Rxb5) 36. Rxd6 $14 Rxa4 37. Rd8+ Kh7 38. Qxb7 Ra1 {( -> ...Qf1+)} 39. Nh2 Re1 40. Re8 (40. Rd7 $16) 40... Re2 {[#]} (40... Bd4 $11 41. Rd8 Bf6) 41. h5 ({Better is} 41. Re7 $1 $16) 41... gxh5 {And now ...Bd4 would win.} 42. Qd7 {[%cal Rd7f5]} Bd4 43. Ng4 {aiming for Kh2.} hxg4 $4 {[%mdl 8192] This costs Black the game.} (43... Kg7 $11 44. Qf5 Qc5) 44. Qf5+ $18 Kg7 45. Qxg4+ Kf6 {[#]} 46. e5+ $1 {[%mdl 576] Decoy} Rxe5 (46... Bxe5 47. Qxc4) 47. Qf4+ {[%mdl 64] Double Attack} Kg6 48. Rxe5 {[%mdl 4160] Endgame Pin. KQR-KQB} Qc6+ 49. Qe4+ Qxe4+ 50. Rxe4 {KR-KB} Bb2 51. Rg4+ Kh7 52. Rf4 Kg6 53. g4 Bc1 54. Rf5 Bg5 55. Rb5 Bh4 56. f3 Bg5 57. Rb6+ Kg7 58. Kf2 Bd8 59. Rb5 Bg5 60. Ke2 Kg6 61. Kd3 {Cut Off at move 61} Bc1 62. Ke4 Kf6 63. Rc5 Bd2 64. Rc2 Be1 65. Rc6+ Kg7 66. Kf5 Bg3 67. Ra6 Bh2 68. Ra7 Bg3 69. f4 Bf2 70. Rd7 Be1 71. Rc7 Ba5 72. Rc6 Bd8 73. Ke5 Be7 74. Rc7 Bd8 75. Rd7 Ba5 76. Rd5 (76. Rb7 $142 Bc3+ 77. Kf5) 76... Bc3+ 77. Kd6 Bb4+ 78. Kd7 Kf8 79. Rd3 Be1 80. Rd6 Bg3 81. Rf6 Kg7 82. Rf5 (82. Ke7 $142 Bh4 {[%mdl 64] Pin} 83. g5 hxg5 84. Rxf7+ Kh6 85. f5 g4+ 86. f6 Kg5 87. Rh7) 82... Kf8 83. Kd6 Bh2 84. Ke5 Bg1 85. Rh5 Kg7 86. g5 {Weighted Error Value: White=0.07/Black=0.19} 1-0

[Event "Skilling Open CCT KO 2021"]
[Site "Online"]
[Date "2020.11.25"]
[Round "1.1"]
[White "Nepomniachtchi, Ian"]
[Black "Aronian, Levon"]
[Result "1-0"]
[WhiteElo "2778"]
[BlackElo "2778"]
[Annotator "TA"]
[PlyCount "117"]
[EventDate "2020.11.20"]
[EventType "k.o."]
[EventCountry "NET"]
[SourceTitle "playchess.com"]
[Source "ChessBase"]
[SourceQuality "1"]

{[%evp 15,117,22,33,14,15,18,21,-28,34,16,40,47,81,28,31,35,37,10,33,44,47,39,44,41,40,42,31,34,51,54,322,341,308,316,312,302,310,310,306,288,368,339,400,395,375,370,373,376,370,370,362,334,347,327,341,321,322,336,383,375,368,379,402,341,320,238,238,238,238,238,238,224,224,224,224,224,399,364,1279,1152,10062,61,11590,5081,10062,9966,5128,828,29970,29971,29965,10668,29966,29972,29973,29973,29976,29977,29971,29974,29978,29980,29979,29979]} 1. e4 e5 2. Nf3 Nc6 3. Bc4 Bc5 4. c3 Nf6 5. d3 O-O 6. O-O d5 7. exd5 Nxd5 8. Re1 Bg4 9. h3 {C54: Giuoco Piano: 4 c3 Nf6, main lines with 5 d4 and 5 d3.} Bh5 10. Nbd2 Nb6 11. Bb3 $1 {[%mdl 4] The position is equal. is more profitable than 11.Bb5 at the moment.} Kh8 (11... Qxd3 $11 12. Bc2 Bxf3 13. Nxf3 Qxd1 14. Bxd1 Rae8) 12. Ne4 $14 {[#]} Nd7 $146 ({Predecessor:} 12... Be7 13. Ng3 Bxf3 14. Qxf3 f5 15. a4 a5 16. d4 f4 17. Nh5 g6 18. dxe5 gxh5 19. Qxh5 {0-1 (39) Matlakov,M (2716)-Aronian,L (2758) Khanty-Mansiysk 2019}) 13. Bd5 Bb6 14. Ng3 (14. b4 $16) 14... Bxf3 $11 15. Qxf3 f5 {Threatening ...e4!} 16. d4 (16. Nxf5 $2 g6 $19) 16... f4 (16... exd4 {is more complex.} 17. Bxc6 bxc6 18. cxd4 Nf6 19. Bf4 Qxd4 20. Be5 Qd5) 17. Ne4 exd4 {Strongly threatening ...Nde5.} 18. Bxc6 (18. Bxf4 $2 Nde5 $19) 18... bxc6 19. Bxf4 dxc3 20. bxc3 ({Don't blunder} 20. Nxc3 $2 g5 $19) 20... Ne5 21. Qg3 $1 Nd3 22. Rad1 $40 {[%mdl 128] Black needs to defend precisely.} Nxe1 $4 {[%mdl 8192] Black is now going downhill.} (22... Rxf4 $14 23. Qxd3 (23. Rxd3 Qf8 $11) 23... Qxd3 24. Rxd3 Raf8) 23. Rxd8 $18 Raxd8 {[#]} 24. Be5 $1 {[%csl Ge5][%cal Rg3g7][%mdl 512]} Rd7 25. Kh2 Nd3 {[#]} 26. Bxg7+ $1 {[%mdl 512]} Rxg7 27. Qxd3 c5 28. c4 c6 29. g3 Bc7 30. h4 Be5 31. f4 Bd4 32. Ng5 Re7 33. Qf3 h6 34. Qh5 Kg7 35. Nf3 Rf6 36. Kh3 Rg6 37. f5 Rf6 38. g4 Re3 39. g5 hxg5 40. hxg5 Rxf5 41. Qh6+ {[%mdl 64] Double Attack} Kf7 42. Qh7+ {[%mdl 64] Double Attack} Ke6 43. Qg6+ Rf6 44. gxf6 Rxf3+ {[%mdl 4096] Endgame KQ-KRB} 45. Kg4 Rf2 $2 {[#]} (45... Rxf6 {is a better defense.} 46. Qe8+ Kd6 47. Qb8+ Ke6) 46. Qh7 $1 {[%csl Gf6][%cal Rh7e7]} Rg2+ $2 (46... Kxf6 47. Qxa7 Rg2+ 48. Kf4 Rf2+ 49. Ke4 Re2+ 50. Kd3 Re8) 47. Kh3 {And now Qe7+ would win.} Rxa2 48. Qe7+ Kf5 49. f7 Ra3+ 50. Kg2 Ra2+ 51. Kf1 Bg7 52. f8=Q+ Bxf8 53. Qxf8+ {KQ-KR} Ke4 54. Qxc5 {White mates.} Ra6 55. Qd6 Kf3 56. Qd3+ Kf4 57. Qd4+ Kf3 58. c5 Ra3 59. Qf6+ {Weighted Error Value: White=0.07/Black=0.53} 1-0

[Event "Skilling Open CCT KO 2021"]
[Site "Online"]
[Date "2020.11.25"]
[Round "1.1"]
[White "Radjabov, Teimour"]
[Black "So, Wesley"]
[Result "1/2-1/2"]
[WhiteElo "2758"]
[BlackElo "2741"]
[Annotator "TA"]
[PlyCount "79"]
[EventDate "2020.11.20"]
[EventType "k.o."]
[EventCountry "NET"]
[SourceTitle "playchess.com"]
[Source "ChessBase"]
[SourceQuality "1"]

{[%evp 11,79,34,29,28,34,-13,36,31,37,38,40,39,35,47,46,18,21,14,44,46,38,24,26,34,36,12,14,11,13,15,17,10,11,4,4,4,4,4,4,0,13,8,8,8,10,11,55,55,55,56,72,60,68,45,45,45,45,32,45,44,44,44,44,44,44,0,44,0,44,0]} 1. Nf3 d5 2. d4 Nf6 3. c4 e6 4. Nc3 c5 5. cxd5 cxd4 6. Qxd4 exd5 7. e4 {D41: Queen's Gambit Declined: Semi-Tarrasch with 5 cxd5.} dxe4 8. Qxd8+ Kxd8 9. Ng5 Be6 10. Nxe6+ fxe6 11. Bg5 h6 12. O-O-O+ {[%mdl 1024] White has compensation.} Ke7 $1 {[#]} 13. Be3 $146 ({Predecessor:} 13. Bh4 Kf7 14. Rd8 g5 15. Bg3 Bg7 16. Rxh8 Bxh8 17. Bb5 a6 18. Ba4 b5 19. Bc2 {½-½ (40) Wojtaszek,R (2719)-Edouard,R (2649) Biel 2020}) 13... Nc6 14. g3 Rc8 15. Kb1 Ng4 16. Re1 Kf7 17. Nxe4 Bb4 18. Re2 Nxe3 19. Rxe3 Nd4 20. a3 Be7 21. Bg2 Rhd8 22. Rd1 Nf5 23. Red3 Rxd3 24. Rxd3 Rd8 25. Kc2 Ke8 26. Rxd8+ Kxd8 $11 {[%mdl 4096] Endgame KBN-KBN} 27. Kd3 b6 28. Bh3 Nd6 (28... Kc7 {is interesting.} 29. f4 Kd7 30. Nd2 Bf6 31. b3 b5) 29. Bxe6 Nxe4 30. Kxe4 $14 {KB-KB} a5 31. a4 Bc5 32. f3 Ke7 33. Bc4 Kf6 34. b3 g5 35. h3 Bf2 36. g4 Bg1 37. Be2 Bf2 38. Bc4 Bg1 39. Be2 Bf2 40. Bc4 {Weighted Error Value: White=0.07/Black=0.04} 1/2-1/2

[Event "Skilling Open CCT KO 2021"]
[Site "Online"]
[Date "2020.11.25"]
[Round "1.1"]
[White "So, Wesley"]
[Black "Radjabov, Teimour"]
[Result "0-1"]
[WhiteElo "2741"]
[BlackElo "2758"]
[Annotator "TA"]
[PlyCount "90"]
[EventDate "2020.11.20"]
[EventType "k.o."]
[EventCountry "NET"]
[SourceTitle "playchess.com"]
[Source "ChessBase"]
[SourceQuality "1"]

{[%evp 13,90,7,18,17,25,12,26,18,25,19,21,21,22,3,29,9,27,12,18,0,0,0,53,38,35,25,22,19,40,35,33,23,22,0,0,0,-27,0,0,-212,-56,-67,0,0,0,-52,0,0,0,-43,-49,-46,-62,-255,-255,-262,-68,-65,-61,-142,-152,-144,-140,-170,-59,-52,-34,-245,-230,-226,-246,-225,-214,-1129,-545,-1129,-1121,-1087,-1099]} 1. e4 e5 2. Nf3 Nc6 3. Bc4 Bc5 4. c3 Nf6 5. d3 O-O 6. O-O d6 7. h3 a6 8. a4 {is recently more successful than 8.Bb3. C54: Giuoco Piano: 4 c3 Nf6, main lines with 5 d4 and 5 d3.} h6 9. Re1 Re8 10. Nbd2 {White has an edge.} Be6 11. Bxe6 Rxe6 12. b4 Ba7 13. Nf1 Qd7 $5 {[%mdl 4] A promising side line.} (13... d5 $5 {[%cal Rd5e4]} 14. Ng3 dxe4 15. dxe4 Qxd1 16. Rxd1 Rd8 17. Rxd8+ Nxd8 $11) 14. Qc2 Rd8 $5 {[%mdl 4] Exploring less charted territory.} 15. b5 Ne7 16. d4 {[#]} Ng6 $146 ({Predecessor:} 16... exd4 17. cxd4 d5 18. e5 Ne4 19. N1d2 axb5 20. axb5 Bb6 21. Nxe4 dxe4 22. Qxe4 Qxb5 23. Qxb7 {½-½ (30) Bacrot,E (2678)-Nguyen,N (2620) Batumi 2018}) 17. Ng3 axb5 (17... d5 $1 $11) 18. axb5 Bb6 19. Rb1 Ree8 20. Be3 Qe7 21. Rbd1 Nd7 22. Nf5 Qe6 23. Bc1 Qc4 24. Bxh6 gxh6 25. Qd2 f6 26. d5 $2 (26. Qxh6 Qf7 $17) (26. Nh2 $1 $11 {and White is okay.}) 26... Ndf8 $2 (26... Nf4 $19 27. g3 Nc5 28. Nxh6+ Kg7 29. Nf5+ Kf7 30. gxf4 Nxe4 {[%mdl 64] Double Attack}) 27. Nxh6+ $15 (27. Qxh6 $2 Rd7 $19) 27... Kg7 28. Nf5+ Kg8 29. Nh6+ (29. Qh6 $2 Rd7 $19) 29... Kg7 (29... Kh8 $15 30. Nf7+ Kg7 31. Nxd8 Rxd8) 30. Nf5+ $11 Kg8 31. Nh2 (31. Qh6 $2 Rd7 $19) 31... Nf4 32. Ng4 Nh7 {Strongly threatening ...Ra8.} 33. g3 $2 (33. Kh1 $1 $15 Ra8 34. g3) 33... Ng5 $1 $19 {[%cal Rg5f3]} (33... Nxh3+ 34. Kg2 $17) 34. Nh4 (34. Nxf6+ $2 Kf7 $19) 34... Kf7 $2 (34... Nxe4 $2 35. Rxe4 Qd3 36. Qxd3 $18) (34... Ngxh3+ 35. Kh2 $19) (34... Nfxh3+ $19 35. Kg2 Kf7) 35. gxf4 $15 Nxh3+ 36. Kh2 (36. Kg2 $1 $15 Nxf4+ 37. Kf3) 36... Nxf4 $17 {...Rh8! is the strong threat.} 37. Nh6+ Ke7 $1 {White must now prevent ...Rh8!} 38. Rg1 {[#] Intending Rg7+ and mate.} Kd7 ({Black should try} 38... Ra8 $1 $19 {aiming for ...Kd7.} 39. Ng6+ Nxg6 40. Rxg6 Qxe4) 39. Ra1 $1 $15 {And now N4f5 would win.} Qxe4 {Threatens to win with ...Qh7.} 40. N4f5 $2 {[#]} ({White has to play} 40. Qd1 $1 $15 Qe2 41. Rg7+ Re7 42. Rxe7+ Kxe7 43. Ng6+ Kd7 44. Ng4) 40... Rg8 $1 $40 {[%mdl 704] Deflection. White is in trouble.} 41. Nxg8 (41. Rxg8 Rxg8) 41... Qxf5 {[%csl Gf4][%cal Rf5h3]} 42. Rg7+ Ke8 {[%mdl 1024] Black has strong compensation.} 43. Qd1 $2 {[#]} (43. Kg1 Bxf2+ 44. Kxf2 Nh5+ 45. Kg2 Nxg7 46. Qh6) 43... Qh3+ $1 {Black is clearly winning.} 44. Kg1 Kf8 ({Worse is} 44... Qh4 45. Qf3 $11) 45. Rg4 Kf7 {Weighted Error Value: White=0.44/Black=0.26} 0-1